| 000 | 01609nam a2200493 i 4500 | ||
|---|---|---|---|
| 001 | 7098 | ||
| 003 | KOSZ 005 | ||
| 005 | 20210305144420.0 | ||
| 008 | 210305s1970 pl a f 001 0 pol | ||
| 015 | _aUWD 1970/6510 | ||
| 035 | _a991034926929705066 | ||
| 035 | _a(PL-WaBN)b19396466-48omnis_nlop | ||
| 035 | _ab19396466 | ||
| 035 | _a(OCoLC)297827985 | ||
| 035 | _a(PL)b0000001939646 | ||
| 035 | _a(EXLNZ-48OMNIS_NETWORK)9910494374305606 | ||
| 040 |
_aWA N _cWA N _dKOSZ 005/AR |
||
| 046 | _k1970 | ||
| 080 | _a547 | ||
| 080 | _a(075.8) | ||
| 100 | 1 |
_aCzuchajowski, Leszek _d(1926-2016) _eAutor |
|
| 245 | 1 | 0 |
_aChemia organiczna : _bwybrane zagadnienia / _cLeszek Czuchajowski. |
| 250 | _aWydanie 4. | ||
| 260 |
_aWarszawa : _bPaństwowe Wydawnictwo Naukowe, _c1970. |
||
| 300 |
_a265 stron : _bilustracje ; _c23 cm. |
||
| 336 |
_aTekst _btxt _2rdacontent |
||
| 337 |
_aBez urządzenia pośredniczącego _bn _2rdamedia |
||
| 338 |
_aWolumin _bnc _2rdacarrier |
||
| 380 | _aKsiążki | ||
| 380 | _aPublikacje dydaktyczne | ||
| 385 |
_mPoziom nauczania _aSzkoły wyższe |
||
| 388 | _a1901-2000 | ||
| 388 | _a1945-1989 | ||
| 500 | _aIndeks. | ||
| 521 | _aSkrypt dla studentów wyższych szkół rolniczych. | ||
| 650 | 7 |
_aChemia _2DBN |
|
| 650 | 7 | _aChemia organiczna | |
| 655 | 7 |
_aPodręczniki akademickie _2DBN |
|
| 658 | _aChemia | ||
| 710 |
_aPaństwowe Wydawnictwo Naukowe _4pbl |
||
| 856 |
_uhttp://koha.tu.koszalin.pl/cgi-bin/koha/opac-detail.pl?biblionumber=7098 _yKatalog online BPK |
||
| 942 |
_2UKD _cKS |
||
| 999 |
_c7098 _d7098 |
||